[Event "3e Tournoi de Maitres"]
[Site "Montigny le Bretonneux"]
[Date "2016.10.26"]
[Round "5.2"]
[White "Duboue, Peio"]
[Black "Eden, James"]
[Result "1/2-1/2"]
[WhiteElo "2415"]
[BlackElo "2297"]
[Annotator "Rivier, Sylvain"]
[PlyCount "106"]
[EventDate "2016.10.??"]
[EventType "tourn"]
[EventRounds "9"]
[EventCountry "FRA"]
[SourceTitle "La Dame Noire"]
[Source "Sylvain Rivier"]
[SourceDate "2016.10.30"]

1. e4 e5 2. Nf3 Nc6 3. Bc4 Nf6 4. d4 exd4 5. O-O Nxe4 6. Re1 d5 7. Bxd5 Qxd5 8.
Nc3 Qh5 9. Nxe4 Be6 10. Bg5 Bd6 11. Nxd6+ cxd6 12. Bf4 Qd5 13. c3 Rc8 14. c4
Qc5 15. b4 Qxb4 16. Nxd4 Nxd4 17. Qxd4 O-O 18. Bxd6 Rfd8 19. Qxg7+ Kxg7 20.
Bxb4 Rxc4 21. a3 Rd3 22. Rad1 Rb3 23. Rb1 Rxb1 24. Rxb1 b6 25. h3 Kf6 26. Kh2
Rc2 27. Kg3 h5 28. Rd1 a5 29. Bd6 b5 30. Rd3 Rc4 31. f4 Rc2 32. Be5+ Kf5 33.
Kf3 h4 34. g3 hxg3 35. Kxg3 b4 36. axb4 axb4 37. Rd8 b3 38. Kf3 Rc6 39. Rd2 Rb6
40. Bb2 Rb5 41. Ke3 Rb7 42. Rd8 Rb4 43. Rd4 Rb8 44. Ra4 Kg6 45. h4 Rc8 46. Ra5
Rc2 47. Rg5+ Kh6 48. Bg7+ Kh7 49. Bf6 Kh6 50. f5 b2 51. Bg7+ Kh7 52. Bf6 Bxf5
53. Bxb2 Rxb2 1/2-1/2

[Event "3e Tournoi de Maitres"]
[Site "Montigny le Bretonneux"]
[Date "2016.10.26"]
[Round "5.3"]
[White "Choukri, Adel"]
[Black "Sohier, Julien"]
[Result "0-1"]
[WhiteElo "2265"]
[BlackElo "2282"]
[Annotator "Rivier, Sylvain"]
[PlyCount "122"]
[EventDate "2016.10.??"]
[EventType "tourn"]
[EventRounds "9"]
[EventCountry "FRA"]
[SourceTitle "La Dame Noire"]
[Source "Sylvain Rivier"]
[SourceDate "2016.10.30"]

1. d4 d5 2. c4 c6 3. cxd5 cxd5 4. Bf4 Nf6 5. e3 Nc6 6. Nc3 Bf5 7. Qb3 Na5 8.
Qa4+ Bd7 9. Qc2 e6 10. Bd3 Be7 11. Nf3 Nc6 12. a3 Nh5 13. Be5 f6 14. Bg3 f5 15.
Ne5 Nxg3 16. Nxc6 Bxc6 17. hxg3 Bf6 18. b4 a6 19. O-O h5 20. a4 a5 21. b5 Bd7
22. b6 Qxb6 23. Rab1 Qc7 24. Nxd5 Qxc2 25. Nxf6+ gxf6 26. Bxc2 Bc6 27. Bd3 Ke7
28. Rfc1 Kd6 29. Bb5 Bd5 30. f3 h4 31. gxh4 Rxh4 32. Kf2 Rg8 33. Bf1 Bc6 34.
Rc5 Ra8 35. Bb5 Bd5 36. Rbc1 Rh7 37. Rc8 Rxc8 38. Rxc8 Rc7 39. Rd8+ Ke7 40. Ra8
Rc2+ 41. Kg3 Rc3 42. Kf4 Rc2 43. e4 fxe4 44. fxe4 Bc6 45. Bxc6 bxc6 46. Ra7+
Kd6 47. e5+ fxe5+ 48. dxe5+ Kd5 49. Rd7+ Kc5 50. g4 Rc4+ 51. Kf3 Rxa4 52. Rd6
Ra1 53. Kg2 a4 54. Rxe6 a3 55. Re8 Kd5 56. e6 a2 57. Ra8 Kxe6 58. Ra5 Kf6 59.
Kh2 Kg6 60. Kg2 c5 61. Rxc5 Rb1 0-1

[Event "3e Tournoi de Maitres"]
[Site "Montigny le Bretonneux"]
[Date "2016.10.26"]
[Round "5.4"]
[White "Todorov, Todor"]
[Black "Philippe, Guillaume"]
[Result "1-0"]
[WhiteElo "2472"]
[BlackElo "2319"]
[Annotator "Rivier, Sylvain"]
[PlyCount "63"]
[EventDate "2016.10.??"]
[EventType "tourn"]
[EventRounds "9"]
[EventCountry "FRA"]
[SourceTitle "La Dame Noire"]
[Source "Sylvain Rivier"]
[SourceDate "2016.10.30"]

1. d4 d6 2. e4 Nf6 3. Bd3 e5 4. c3 d5 5. dxe5 Nxe4 6. Nd2 Bc5 7. Bxe4 dxe4 8.
Nxe4 Qxd1+ 9. Kxd1 Bb6 10. Bf4 Bf5 11. Ng3 Bd3 12. Kd2 Ba6 13. Kc2 Nc6 14. Bd2
O-O-O 15. Re1 Bxf2 16. Rd1 Rd5 17. Nh3 Bxg3 18. hxg3 Be2 19. Rde1 Bd3+ 20. Kc1
Rhd8 21. Be3 Ra5 22. Nf2 Bf5 23. a3 h5 24. Rxh5 Bg6 25. Rhh1 Rad5 26. g4 Bd3
27. Rd1 Na5 28. Nxd3 Rxd3 29. Rxd3 Rxd3 30. Rh3 c5 31. Kc2 b6 32. Kxd3 1-0

[Event "3e Tournoi de Maitres"]
[Site "Montigny le Bretonneux"]
[Date "2016.10.26"]
[Round "5.5"]
[White "Dimitrov, Atanas"]
[Black "Mirimanian, Hayk"]
[Result "1/2-1/2"]
[WhiteElo "2301"]
[BlackElo "2243"]
[Annotator "Rivier, Sylvain"]
[PlyCount "68"]
[EventDate "2016.10.??"]
[EventType "tourn"]
[EventRounds "9"]
[EventCountry "FRA"]
[SourceTitle "La Dame Noire"]
[Source "Sylvain Rivier"]
[SourceDate "2016.10.30"]

1. Nf3 d5 2. d4 Nf6 3. g3 c6 4. Bg2 Bg4 5. O-O Nbd7 6. Nbd2 e6 7. Re1 Be7 8. e4
dxe4 9. Nxe4 O-O 10. c3 Qb6 11. Qb3 Rfd8 12. Nxf6+ Bxf6 13. Be3 Bf5 14. Nd2 Be7
15. Nc4 Qxb3 16. axb3 Nb6 17. Na5 Rd7 18. b4 Nd5 19. Bd2 Bd3 20. b3 Bf8 21. Nc4
Rdd8 22. Ne5 Bc2 23. Ra3 Nc7 24. Nc4 Nb5 25. Raa1 Rd7 26. Nb6 Rdd8 27. Nxa8
Rxa8 28. Rec1 Bxb3 29. Bf1 g5 30. Be3 a6 31. Rab1 Ba4 32. Ra1 Bb3 33. Rab1 Ba4
34. Rb2 Rd8 1/2-1/2

[Event "3e Tournoi de Maitres"]
[Site "Montigny le Bretonneux"]
[Date "2016.10.27"]
[Round "6.1"]
[White "Choukri, Adel"]
[Black "Duboue, Peio"]
[Result "0-1"]
[WhiteElo "2265"]
[BlackElo "2415"]
[Annotator "Rivier, Sylvain"]
[PlyCount "94"]
[EventDate "2016.10.??"]
[EventType "tourn"]
[EventRounds "9"]
[EventCountry "FRA"]
[SourceTitle "La Dame Noire"]
[Source "Sylvain Rivier"]
[SourceDate "2016.10.30"]

1. d4 Nf6 2. c4 d6 3. Nf3 c6 4. g3 g6 5. Bg2 Bg7 6. O-O O-O 7. b3 Bf5 8. Nh4
Bd7 9. Bb2 d5 10. Nc3 Be6 11. cxd5 cxd5 12. Rc1 Nc6 13. Na4 Ne4 14. f3 Nd6 15.
f4 Nf5 16. Nxf5 Bxf5 17. e3 Rc8 18. g4 Be4 19. Bxe4 dxe4 20. Nc3 f5 21. a3 Na5
22. gxf5 gxf5 23. Ba1 Rf6 24. Kh1 Rg6 25. Qc2 e6 26. Rg1 Qh4 27. Rxg6 hxg6 28.
Qg2 Kh7 29. Rb1 Bf6 30. Na2 Nc6 31. Rg1 Qh5 32. d5 Bxa1 33. dxc6 Bg7 34. cxb7
Rb8 35. Qf1 Qf3+ 36. Qxf3 exf3 37. Rb1 Rxb7 38. Nb4 Rd7 39. Rf1 Rc7 40. Rxf3
Rc3 41. Rh3+ Kg8 42. Rg3 Rxb3 43. e4 Rxg3 44. hxg3 fxe4 45. Nc6 Kf7 46. Nxa7 e3
47. Kg2 Bd4 0-1

[Event "3e Tournoi de Maitres"]
[Site "Montigny le Bretonneux"]
[Date "2016.10.27"]
[Round "6.2"]
[White "Guliyev, Namig"]
[Black "Dimitrov, Atanas"]
[Result "1-0"]
[WhiteElo "2579"]
[BlackElo "2301"]
[Annotator "Rivier, Sylvain"]
[PlyCount "133"]
[EventDate "2016.10.??"]
[EventType "tourn"]
[EventRounds "9"]
[EventCountry "FRA"]
[SourceTitle "La Dame Noire"]
[Source "Sylvain Rivier"]
[SourceDate "2016.10.30"]

1. e4 e5 2. Nf3 Nc6 3. Bb5 a6 4. Ba4 Nge7 5. Bb3 h6 6. d4 exd4 7. Nxd4 Nxd4 8.
Qxd4 Nc6 9. Qd5 Qf6 10. O-O Bd6 11. Nc3 O-O 12. f4 Bb4 13. e5 Qf5 14. Ne4 d6
15. a3 Be6 16. Qd3 Ba5 17. Kh1 Bb6 18. Bd2 Rad8 19. g4 Qh7 20. Bxe6 fxe6 21.
exd6 cxd6 22. f5 exf5 23. Qd5+ Kh8 24. gxf5 Qg8 25. Qd3 d5 26. Ng3 Bd4 27. c3
Be5 28. Rae1 Qf7 29. Bf4 Rfe8 30. Ne2 Bf6 31. Ng1 d4 32. c4 b5 33. cxb5 Qd5+
34. Nf3 axb5 35. Kg1 Qc4 36. Rd1 Re2 37. Rf2 Rxf2 38. Kxf2 Qd5 39. Re1 Qc4 40.
Qd2 Kh7 41. Rc1 Qd5 42. Qd3 Kh8 43. b4 Ne7 44. Rc5 Qa2+ 45. Kg3 Ra8 46. Bc1 Rb8
47. Qe4 Qf7 48. Bf4 Rd8 49. Rxb5 Qb3 50. Be5 Ng8 51. Bc7 Rc8 52. Rb7 Qxa3 53.
b5 d3 54. Bf4 Rd8 55. Nd2 Ne7 56. Bc7 Rd5 57. Rb8+ Kh7 58. Re8 Rxb5 59. Bf4
Nxf5+ 60. Kh3 Qb4 61. Qa8 g6 62. Qa2 Ne7 63. Qf7+ Bg7 64. Rxe7 Qd4 65. Nf3 Qa1
66. Be5 Qf1+ 67. Kg3 1-0

[Event "3e Tournoi de Maitres"]
[Site "Montigny le Bretonneux"]
[Date "2016.10.27"]
[Round "6.3"]
[White "Eden, James"]
[Black "Todorov, Todor"]
[Result "1-0"]
[WhiteElo "2297"]
[BlackElo "2472"]
[Annotator "Rivier, Sylvain"]
[PlyCount "93"]
[EventDate "2016.10.??"]
[EventType "tourn"]
[EventRounds "9"]
[EventCountry "FRA"]
[SourceTitle "La Dame Noire"]
[Source "Sylvain Rivier"]
[SourceDate "2016.10.30"]

1. e4 Nf6 2. e5 Nd5 3. d4 d6 4. c4 Nb6 5. exd6 exd6 6. Nc3 Be7 7. Bd3 Nc6 8.
Nge2 Bg4 9. Be3 Qd7 10. b3 Bf6 11. Qd2 Bf5 12. O-O O-O 13. Bxf5 Qxf5 14. Ng3
Qd7 15. Nge4 Bd8 16. d5 Ne7 17. f3 Nbc8 18. Rad1 Ng6 19. Bd4 Nce7 20. g4 Nh4
21. Nf6+ gxf6 22. Ne4 Neg6 23. Nxf6+ Bxf6 24. Bxf6 Nf5 25. Qg5 h6 26. Qxf5 Qxf5
27. gxf5 Nf4 28. Kf2 Kh7 29. Rfe1 Nh5 30. Bc3 Ng7 31. Re7 Rac8 32. Rde1 Nxf5
33. Rd7 a6 34. Re4 b5 35. Re6 bxc4 36. bxc4 Rce8 37. Rxe8 Rxe8 38. Rxf7+ Kg6
39. Rxc7 Re3 40. Bb4 a5 41. Bxd6 Rc3 42. Be5 Rc2+ 43. Ke1 Nh4 44. Kd1 Rxa2 45.
d6 Nxf3 46. Bc3 Ng5 47. Rg7+ 1-0

[Event "3e Tournoi de Maitres"]
[Site "Montigny le Bretonneux"]
[Date "2016.10.27"]
[Round "6.4"]
[White "Philippe, Guillaume"]
[Black "Valuet, Bertrand"]
[Result "0-1"]
[WhiteElo "2319"]
[BlackElo "2300"]
[Annotator "Rivier, Sylvain"]
[PlyCount "58"]
[EventDate "2016.10.??"]
[EventType "tourn"]
[EventRounds "9"]
[EventCountry "FRA"]
[SourceTitle "La Dame Noire"]
[Source "Sylvain Rivier"]
[SourceDate "2016.10.30"]

{Ouverture Bird} 1. f4 d5 2. Nf3 g6 3. g3 Bg7 4. Bg2 Bg4 5. O-O Nc6 6. Nc3 d4
7. Ne4 Nf6 8. Nc5 Nd7 9. b4 Nxc5 10. bxc5 d3 11. Rb1 dxe2 12. Qxe2 Nd4 13. Qe4
Bf5 14. Qxb7 Bxc2 15. Rb4 a5 16. Rxd4 Bxd4+ 17. Nxd4 Qxd4+ 18. Kh1 O-O 19. Qxc7
Be4 20. Qxe7 Rfe8 21. Qd6 Bxg2+ 22. Kxg2 Re2+ 23. Kh3 Qe4 24. Rg1 Qf3 25. Qf6
h5 26. Qg5 Qf2 27. Rh1 Qg2+ 28. Kh4 Qxh2+ 29. Rxh2 Rxh2# 0-1

[Event "3e Tournoi de Maitres"]
[Site "Montigny le Bretonneux"]
[Date "2016.10.27"]
[Round "6.5"]
[White "Sohier, Julien"]
[Black "Mirimanian, Hayk"]
[Result "0-1"]
[WhiteElo "2282"]
[BlackElo "2243"]
[Annotator "Rivier, Sylvain"]
[PlyCount "50"]
[EventDate "2016.10.??"]
[EventType "tourn"]
[EventRounds "9"]
[EventCountry "FRA"]
[SourceTitle "La Dame Noire"]
[Source "Sylvain Rivier"]
[SourceDate "2016.10.30"]

1. d4 Nf6 2. c4 e6 3. g3 d5 4. Nf3 dxc4 5. Bg2 Bb4+ 6. Bd2 a5 7. Na3 Nc6 8.
Bxb4 axb4 9. Nxc4 Qd5 10. Ne3 Qb5 11. O-O O-O 12. Qc2 Rxa2 13. Rxa2 b3 14. Ra5
Nxa5 15. Qxc7 Nc6 16. Ne5 Nxd4 17. Nxf7 Qxe2 18. Nd6 Bd7 19. Qxb7 Qxb2 20. Kh1
Qc3 21. Nec4 Nb5 22. Nxb5 Qxc4 23. Nd6 Qd4 24. Qc7 b2 25. Nb7 Ng4 0-1

[Event "3e Tournoi de Maitres"]
[Site "Montigny le Bretonneux"]
[Date "2016.10.28"]
[Round "7.1"]
[White "Mirimanian, Hayk"]
[Black "Guliyev, Namig"]
[Result "1/2-1/2"]
[WhiteElo "2243"]
[BlackElo "2579"]
[Annotator "Rivier, Sylvain"]
[PlyCount "36"]
[EventDate "2016.10.??"]
[EventType "tourn"]
[EventRounds "9"]
[EventCountry "FRA"]
[SourceTitle "La Dame Noire"]
[Source "Sylvain Rivier"]
[SourceDate "2016.10.30"]

1. e4 c5 2. Nf3 e6 3. b3 b6 4. Bb2 Bb7 5. d3 Nf6 6. e5 Nd5 7. Nbd2 Nc6 8. g3
Be7 9. Bg2 O-O 10. Ne4 f5 11. exf6 Nxf6 12. O-O Qc7 13. Re1 Rae8 14. Qd2 e5 15.
Nxe5 Nxe5 16. Bxe5 Qxe5 17. Nxf6+ Qxf6 18. Bxb7 Bd6 1/2-1/2

[Event "3e Tournoi de Maitres"]
[Site "Montigny le Bretonneux"]
[Date "2016.10.28"]
[Round "7.2"]
[White "Duboue, Peio"]
[Black "Sohier, Julien"]
[Result "1/2-1/2"]
[WhiteElo "2415"]
[BlackElo "2282"]
[Annotator "Rivier, Sylvain"]
[PlyCount "116"]
[EventDate "2016.10.??"]
[EventType "tourn"]
[EventRounds "9"]
[EventCountry "FRA"]
[SourceTitle "La Dame Noire"]
[Source "Sylvain Rivier"]
[SourceDate "2016.10.30"]

1. e4 e5 2. Nf3 Nc6 3. Bc4 Bc5 4. O-O Nf6 5. d3 O-O 6. Nbd2 h6 7. h3 d5 8. exd5
Nxd5 9. Ne4 Be7 10. Re1 Re8 11. Bb5 Bf8 12. Ng3 Bd6 13. d4 exd4 14. Rxe8+ Qxe8
15. Nxd4 Bxg3 16. fxg3 Bd7 17. Nf3 a6 18. Be2 Ne3 19. Qd2 Nf5 20. g4 Nd6 21.
Bd3 Ne5 22. Nxe5 Qxe5 23. Qb4 a5 24. Qf4 Qe1+ 25. Kh2 Re8 26. b3 Bc6 27. Bb2
Qb4 28. Qxb4 axb4 29. Bd4 b6 30. Bf2 Bb5 31. Rd1 Bxd3 32. Rxd3 Nb5 33. Bg3 Re2
34. Rd8+ Kh7 35. Rd7 f6 36. Bxc7 Rxc2 37. Bd8 Kg8 38. Bxb6 Nc3 39. Rc7 Rxa2 40.
Rc4 Nd5 41. Bc5 Kf7 42. Rd4 Ke6 43. Re4+ Kf7 44. Rd4 Ke6 45. Bxb4 Ke5 46. Rc4
g5 47. Bc3+ Kd6 48. b4 Ne3 49. Rd4+ Kc6 50. Re4 Nxg2 51. Re6+ Kd5 52. Rxf6 Nf4+
53. Kh1 Rc2 54. Rf5+ Ke4 55. Rc5 Rc1+ 56. Kh2 Rc2+ 57. Kh1 Rc1+ 58. Kh2 Rc2+
1/2-1/2

[Event "3e Tournoi de Maitres"]
[Site "Montigny le Bretonneux"]
[Date "2016.10.28"]
[Round "7.3"]
[White "Todorov, Todor"]
[Black "Choukri, Adel"]
[Result "1-0"]
[WhiteElo "2472"]
[BlackElo "2265"]
[Annotator "Rivier, Sylvain"]
[PlyCount "101"]
[EventDate "2016.10.??"]
[EventType "tourn"]
[EventRounds "9"]
[EventCountry "FRA"]
[SourceTitle "La Dame Noire"]
[Source "Sylvain Rivier"]
[SourceDate "2016.10.30"]

1. d4 Nf6 2. Nf3 g6 3. Nc3 d5 4. Bf4 a6 5. Qd2 Bg7 6. Bh6 O-O 7. Ne5 c5 8. Bxg7
Kxg7 9. e3 Nc6 10. Be2 Qd6 11. Nxc6 bxc6 12. dxc5 Qxc5 13. Na4 Qd6 14. O-O Rb8
15. Rfd1 Rb4 16. b3 Rh4 17. g3 Ne4 18. Qe1 Rh6 19. f3 Ng5 20. f4 Nh3+ 21. Kg2
Qe6 22. Bf3 g5 23. Nc5 Qf5 24. Qc3+ Kg8 25. g4 Qg6 26. f5 Bxf5 27. gxf5 Qxf5
28. Qd3 Qc8 29. Qe2 f5 30. Kh1 Qc7 31. Rf1 Rff6 32. Qg2 g4 33. Be2 Ng5 34. Rf4
Rh3 35. Bxg4 Qe5 36. Bxh3 Rg6 37. Rg1 e6 38. Nd3 Qxe3 39. Qg3 Qe2 40. Bg2 Ne4
41. Rxe4 dxe4 42. Qb8+ Kg7 43. Nf4 Qxc2 44. Qe5+ Kf7 45. Nxg6 hxg6 46. Bxe4
fxe4 47. Rf1+ Ke7 48. Qc7+ Ke8 49. Qf7+ Kd8 50. Qg7 Kc8 51. Rf8# 1-0

[Event "3e Tournoi de Maitres"]
[Site "Montigny le Bretonneux"]
[Date "2016.10.28"]
[Round "7.4"]
[White "Dimitrov, Atanas"]
[Black "Philippe, Guillaume"]
[Result "1/2-1/2"]
[WhiteElo "2301"]
[BlackElo "2319"]
[Annotator "Rivier, Sylvain"]
[PlyCount "190"]
[EventDate "2016.10.??"]
[EventType "tourn"]
[EventRounds "9"]
[EventCountry "FRA"]
[SourceTitle "La Dame Noire"]
[Source "Sylvain Rivier"]
[SourceDate "2016.10.30"]

1. d4 Nf6 2. Nf3 d6 3. Nc3 Nbd7 4. e4 e5 5. a4 Be7 6. g3 O-O 7. Bg2 a5 8. O-O
c6 9. Re1 Re8 10. h3 Qc7 11. Be3 Nf8 12. Nd2 N6d7 13. d5 Ng6 14. Bf1 Rf8 15.
Nc4 c5 16. Nb5 Qb8 17. Bd2 b6 18. Ra3 Rd8 19. Rb3 h6 20. h4 Ngf8 21. f4 Ba6 22.
f5 Nh7 23. Nba3 Qa7 24. Ne3 c4 25. Nb5 Qb8 26. Nxc4 Nc5 27. Be3 Nxb3 28. cxb3
Bxb5 29. axb5 Nf6 30. Nxb6 Nxe4 31. Nxa8 Qxa8 32. Bg2 Nxg3 33. Qg4 Bxh4 34. f6
g5 35. Bf2 Qc8 36. Qxc8 Rxc8 37. Bh3 Rb8 38. Bd7 Nh5 39. Bxh4 Nxf6 40. Bc6 gxh4
41. Ra1 Nxd5 42. Bxd5 Rxb5 43. Bc4 Rc5 44. Rd1 a4 45. Rxd6 axb3 46. Bxb3 Rb5
47. Bd5 Rxb2 48. Rf6 Kg7 49. Rxf7+ Kg6 50. Rf8 Kg5 51. Bg2 Kg4 52. Rg8+ Kf4 53.
Kh2 e4 54. Rf8+ Kg4 55. Rg8+ Kf4 56. Kh3 Ke3 57. Rg4 Rb4 58. Rxh4 Rd4 59. Rxh6
Kd2 60. Re6 e3 61. Bf3 Rd3 62. Kg3 Rc3 63. Rd6+ Rd3 64. Ra6 Rc3 65. Re6 Rd3 66.
Kg2 Rc3 67. Bg4 Rd3 68. Kf1 Rc3 69. Rd6+ Rd3 70. Re6 Rc3 71. Bf3 Rc1+ 72. Kg2
Rc3 73. Bh5 Rd3 74. Re7 Rc3 75. Re8 Rd3 76. Bg4 Rc3 77. Re5 Rd3 78. Re6 Rc3 79.
Bf3 Rd3 80. Re8 Rc3 81. Re7 Rd3 82. Kf1 Rc3 83. Bh5 Rc1+ 84. Kg2 Rc3 85. Bg4
Rd3 86. Re5 Rc3 87. Rd5+ Rd3 88. Re5 Rc3 89. Kf3 Rd3 90. Bh5 Rc3 91. Kg2 Rd3
92. Bg6 e2 93. Kf2 e1=Q+ 94. Rxe1 Rf3+ 95. Kxf3 Kxe1 1/2-1/2

[Event "3e Tournoi de Maitres"]
[Site "Montigny le Bretonneux"]
[Date "2016.10.28"]
[Round "7.5"]
[White "Valuet, Bertrand"]
[Black "Eden, James"]
[Result "1-0"]
[WhiteElo "2300"]
[BlackElo "2297"]
[Annotator "Rivier, Sylvain"]
[PlyCount "119"]
[EventDate "2016.10.??"]
[EventType "tourn"]
[EventRounds "9"]
[EventCountry "FRA"]
[SourceTitle "La Dame Noire"]
[Source "Sylvain Rivier"]
[SourceDate "2016.10.30"]

1. Nf3 d5 2. g3 Nf6 3. Bg2 Bf5 4. c4 c6 5. O-O e6 6. b3 Be7 7. Bb2 O-O 8. d3 h6
9. Nbd2 Nbd7 10. a3 Re8 11. Ra2 Bd6 12. e4 Bg4 13. h3 Bxf3 14. Nxf3 dxe4 15.
dxe4 Qc7 16. Re1 Rad8 17. Qe2 Ne5 18. Bxe5 Bxe5 19. Qe3 Rd7 20. Nxe5 Qxe5 21.
Rd2 Red8 22. Red1 Rxd2 23. Rxd2 Rxd2 24. Qxd2 Qa1+ 25. Kh2 Qxa3 26. Qd8+ Qf8
27. Qc7 Qb4 28. Qd8+ Kh7 29. e5 Ng8 30. Qd7 Qe7 31. Qd4 a6 32. Qb6 Qd7 33. b4
Ne7 34. Qc5 Nf5 35. g4 Nh4 36. Qd6 Qc8 37. Be4+ Kg8 38. f4 Ng6 39. f5 Nf8 40.
f6 g6 41. h4 Qd7 42. g5 hxg5 43. hxg5 Qxd6 44. exd6 Nd7 45. Kg3 Kf8 46. Kf4 Ke8
47. Ke3 Kd8 48. c5 Nf8 49. Kf4 Kd7 50. Ke5 Nh7 51. Bxg6 Nxg5 52. Bh5 Ke8 53.
Kf4 Nh7 54. Bxf7+ Kd7 55. Ke5 Nf8 56. Bh5 Kd8 57. f7 Kd7 58. Kf6 Kd8 59. Kg7
Nd7 60. Bg4 1-0

[Event "3e Tournoi de Maitres"]
[Site "Montigny le Bretonneux"]
[Date "2016.10.29"]
[Round "8.1"]
[White "Sohier, Julien"]
[Black "Guliyev, Namig"]
[Result "1/2-1/2"]
[WhiteElo "2282"]
[BlackElo "2579"]
[Annotator "Rivier, Sylvain"]
[PlyCount "126"]
[EventDate "2016.10.??"]
[EventType "tourn"]
[EventRounds "9"]
[EventCountry "FRA"]
[SourceTitle "La Dame Noire"]
[Source "Sylvain Rivier"]
[SourceDate "2016.10.30"]

1. d4 d5 2. c4 dxc4 3. e4 e5 4. Nf3 exd4 5. Bxc4 Nc6 6. O-O Bc5 7. Qb3 Qf6 8.
e5 Qg6 9. e6 fxe6 10. Re1 Nge7 11. Bxe6 Bxe6 12. Rxe6 Qf5 13. Qxb7 Qxe6 14.
Qxa8+ Nc8 15. Bg5 O-O 16. Nbd2 Nb6 17. Qb7 Rb8 18. Qa6 Nb4 19. Qxa7 Qc8 20. Qa5
Nd7 21. Nb3 Bf8 22. a3 Nd3 23. Qd5+ Kh8 24. Nbxd4 Rxb2 25. Be3 Nf6 26. Qc4 Nc5
27. Ne5 h6 28. Qf7 Bd6 29. Bxh6 Qg8 30. Bf4 Bxe5 31. Qxg8+ Kxg8 32. Bxe5 Nd3
33. Bxc7 Nxf2 34. a4 Nd5 35. Bg3 Ne4 36. a5 Nxg3 37. hxg3 Rb4 38. Nc6 Rd4 39.
Ne5 Re4 40. Nd7 Re7 41. Nb6 Nb4 42. Ra4 Na6 43. Rd4 Re1+ 44. Kf2 Ra1 45. Ra4
Rb1 46. g4 Kf7 47. Ke3 g5 48. Re4 Rb3+ 49. Kd4 Rg3 50. Kc4 Rxg2 51. Kb5 Nc7+
52. Kc6 Na6 53. Rc4 Ra2 54. Kb5 Nb8 55. Rb4 Ke6 56. Na4 Rf2 57. a6 Nxa6 58.
Kxa6 Rf4 59. Nc5+ Kd5 60. Kb5 Rxb4+ 61. Kxb4 Ke5 62. Nd7+ Ke6 63. Nc5+ Ke5
1/2-1/2

[Event "3e Tournoi de Maitres"]
[Site "Montigny le Bretonneux"]
[Date "2016.10.29"]
[Round "8.2"]
[White "Duboue, Peio"]
[Black "Todorov, Todor"]
[Result "1/2-1/2"]
[WhiteElo "2415"]
[BlackElo "2472"]
[Annotator "Rivier, Sylvain"]
[PlyCount "112"]
[EventDate "2016.10.??"]
[EventType "tourn"]
[EventRounds "9"]
[EventCountry "FRA"]
[SourceTitle "La Dame Noire"]
[Source "Sylvain Rivier"]
[SourceDate "2016.10.30"]

1. e4 g6 2. d4 Bg7 3. Nf3 d6 4. Nc3 a6 5. a4 Nf6 6. Be2 O-O 7. O-O b6 8. h3 h6
9. Be3 e6 10. Nd2 e5 11. f4 exd4 12. Bxd4 Bb7 13. Bf3 Nc6 14. Bf2 Re8 15. Nb3
Nd7 16. Qd2 Nc5 17. Nxc5 bxc5 18. Rae1 Nd4 19. Bd1 Rb8 20. b4 cxb4 21. Bxd4
Bxd4+ 22. Qxd4 c5 23. Qd3 bxc3 24. f5 g5 25. f6 Re6 26. Qxc3 Rxe4 27. Rxe4 Bxe4
28. h4 c4 29. hxg5 Qb6+ 30. Kh2 Qc5 31. gxh6 Kh7 32. Bf3 Bxf3 33. Qxf3 Qe5+ 34.
Qf4 Rb2 35. Qxe5 dxe5 36. Re1 Kxh6 37. Rxe5 Kg6 38. Rc5 Rxc2 39. Rc6 a5 40. Ra6
Ra2 41. Rxa5 Kxf6 42. Kg3 Ke6 43. Kf3 Kd6 44. g4 c3 45. Ke3 Rd2 46. Ra8 Kc5 47.
a5 Kc4 48. a6 Rd3+ 49. Ke2 Rd2+ 50. Ke1 Kb5 51. a7 Kb6 52. Rc8 Kxa7 53. Rxc3
Rd4 54. Rg3 Kb6 55. Ke2 Kc5 56. Rf3 Rxg4 1/2-1/2

[Event "3e Tournoi de Maitres"]
[Site "Montigny le Bretonneux"]
[Date "2016.10.29"]
[Round "8.3"]
[White "Choukri, Adel"]
[Black "Valuet, Bertrand"]
[Result "1/2-1/2"]
[WhiteElo "2265"]
[BlackElo "2300"]
[Annotator "Rivier, Sylvain"]
[PlyCount "33"]
[EventDate "2016.10.??"]
[EventType "tourn"]
[EventRounds "9"]
[EventCountry "FRA"]
[SourceTitle "La Dame Noire"]
[Source "Sylvain Rivier"]
[SourceDate "2016.10.30"]

1. d4 Nf6 2. c4 g6 3. Nc3 d5 4. cxd5 Nxd5 5. e4 Nxc3 6. bxc3 c5 7. Nf3 Bg7 8.
Rb1 O-O 9. Bc4 Nc6 10. Be3 Bg4 11. O-O cxd4 12. cxd4 Bxf3 13. Qxf3 Nxd4 14.
Bxd4 Qxd4 15. Bd5 e6 16. Bxb7 Rab8 17. Rfd1 1/2-1/2

[Event "3e Tournoi de Maitres"]
[Site "Montigny le Bretonneux"]
[Date "2016.10.29"]
[Round "8.4"]
[White "Philippe, Guillaume"]
[Black "Mirimanian, Hayk"]
[Result "1-0"]
[WhiteElo "2319"]
[BlackElo "2243"]
[Annotator "Rivier, Sylvain"]
[PlyCount "107"]
[EventDate "2016.10.??"]
[EventType "tourn"]
[EventRounds "9"]
[EventCountry "FRA"]
[SourceTitle "La Dame Noire"]
[Source "Sylvain Rivier"]
[SourceDate "2016.10.30"]

1. e4 e5 2. Nf3 Nc6 3. Be2 g6 4. c3 Nge7 5. d4 exd4 6. cxd4 d5 7. e5 Bg7 8. O-O
O-O 9. Nc3 f6 10. exf6 Bxf6 11. Bh6 Re8 12. Bg5 Bxg5 13. Nxg5 Nf5 14. Nf3 Be6
15. Qd2 Qf6 16. Rad1 Nd6 17. Qg5 Qg7 18. Ne5 Nxe5 19. Qxe5 Bf7 20. Qxg7+ Kxg7
21. Bf3 c6 22. Na4 Be6 23. Rfe1 Bf5 24. Nc5 b6 25. Na6 Bc2 26. Nc7 Bxd1 27.
Rxd1 Rac8 28. Nxe8+ Rxe8 29. g3 Nf5 30. Bg4 Kf6 31. Kf1 Re4 32. Bxf5 gxf5 33.
f3 Re6 34. Kf2 Ke7 35. b4 Kd6 36. Rc1 Rh6 37. h4 f4 38. gxf4 Rxh4 39. Kg3 Rh5
40. a3 Rh6 41. f5 Rf6 42. Kf4 a6 43. Kg5 Ke7 44. Re1+ Kf7 45. Rh1 h6+ 46. Kf4
Rd6 47. Ke5 Rf6 48. a4 Kg7 49. a5 b5 50. f4 Rf8 51. Rg1+ Kh7 52. f6 h5 53. Kf5
Rg8 54. f7 1-0

[Event "3e Tournoi de Maitres"]
[Site "Montigny le Bretonneux"]
[Date "2016.10.29"]
[Round "8.5"]
[White "Eden, James"]
[Black "Dimitrov, Atanas"]
[Result "1-0"]
[WhiteElo "2297"]
[BlackElo "2301"]
[Annotator "Rivier, Sylvain"]
[PlyCount "73"]
[EventDate "2016.10.??"]
[EventType "tourn"]
[EventRounds "9"]
[EventCountry "FRA"]
[SourceTitle "La Dame Noire"]
[Source "Sylvain Rivier"]
[SourceDate "2016.10.30"]

1. e4 d6 2. d4 Nf6 3. Nc3 c6 4. f4 Qa5 5. Bd2 e5 6. Nf3 Nbd7 7. Bc4 Be7 8. Qe2
O-O 9. O-O-O Qc7 10. fxe5 dxe5 11. dxe5 Nxe5 12. Bf4 Nd3+ 13. cxd3 Qxf4+ 14.
Kb1 b5 15. Bb3 b4 16. Na4 Ba6 17. Nd4 Rfe8 18. Rhf1 Qd6 19. Nf5 Qxh2 20. Qf3
Qh5 21. Qg3 Qg6 22. Qc7 Bf8 23. Nh4 Rec8 24. Qf4 Qg4 25. Bxf7+ Kh8 26. Ng6+
Qxg6 27. Bxg6 hxg6 28. e5 Ng8 29. g4 Nh6 30. Rh1 Kg8 31. Qe4 g5 32. Qg6 Kh8 33.
Nc5 Bxc5 34. Rxh6+ gxh6 35. Qxh6+ Kg8 36. Qg6+ Kf8 37. Rf1+ 1-0